[Event "Austin AGCA GM"]
[Site "Austin"]
[Date "2024.01.13"]
[Round "4"]
[White "Eidelman, Gabriel"]
[Black "Mista, Aleksander"]
[Result "1/2-1/2"]
[WhiteElo "2343"]
[BlackElo "2491"]
[PlyCount "55"]
[EventDate "2024.01.11"]
[EventType "tourn"]
[EventRounds "9"]
[EventCountry "USA"]
[EventCategory "7"]
[SourceTitle "CB04_2024"]
[SourceDate "2023.10.16"]
[SourceVersion "1"]
[SourceVersionDate "2023.10.16"]
[SourceQuality "1"]

1. e4 e5 2. Nf3 Nc6 3. Bb5 a6 4. Ba4 Nf6 5. 0-0 Be7 6. d3 d6 7. c3 0-0 8. Re1 Re8 9. Nbd2 Bf8 10. h3 h6 11. d4 b5 12. Bc2 Bb7 13. a4 exd4 14. cxd4 Nb4 15. Bb1 c5 16. b3 d5 17. e5 Ne4 18. Nxe4 dxe4 19. Bxe4 Bxe4 20. Rxe4 Qd5 21. Rg4 h5 22. Rh4 g6 23. Bg5 c4 24. bxc4 bxc4 25. Qd2 Re6 26. Bh6 Be7 27. Bg5 Bf8 28. Bh6 1/2-1/2

[Event "Charlotte CCCSA Spring GM-A"]
[Site "Charlotte"]
[Date "2022.03.19"]
[Round "7"]
[White "Guo, Arthur"]
[Black "Mista, Aleksander"]
[Result "1/2-1/2"]
[WhiteElo "2412"]
[BlackElo "2541"]
[PlyCount "152"]
[EventDate "2022.03.16"]
[EventType "tourn"]
[EventRounds "9"]
[EventCountry "USA"]
[EventCategory "8"]
[SourceTitle "CBM 207 Extra"]
[Source "ChessBase"]
[SourceDate "2022.05.31"]
[SourceVersion "1"]
[SourceVersionDate "2022.05.31"]
[SourceQuality "1"]

1. e4 e5 2. Nf3 Nc6 3. Bc4 Bc5 4. d3 Nf6 5. a4 d6 6. a5 a6 7. c3 h6 8. 0-0 0-0 9. h3 Be6 10. Bxe6 fxe6 11. Be3 Bxe3 12. fxe3 Qd7 13. Nbd2 Rae8 14. Qb3 Nd8 15. Rf2 g5 16. d4 exd4 17. Nxd4 Qh7 18. Nf5 Rf7 19. Ng3 Ref8 20. Qc4 h5 21. e5 d5 22. Qa4 Nd7 23. Rxf7 Rxf7 24. Nf3 Qg6 25. h4 gxh4 26. Qxh4 Nc6 27. Nxh5 Rxf3 28. Nf4 Qg3 29. Qh6 Ncxe5 30. Qxe6+ Kf8 31. Qh6+ Ke8 32. Qh8+ Ke7 33. Nxd5+ Kd6 34. Qh6+ Kc5 35. Qe6 Qf2+ 36. Kh1 Qxb2 37. Rd1 Rf7 38. Nf6 Kb5 39. Rxd7 Nxd7 40. Qxf7 Nxf6 41. Qxf6 Qc1+ 42. Kh2 Qxe3 43. g4 Qe2+ 44. Kg3 Qe1+ 45. Kf4 Qd2+ 46. Kf5 Qd3+ 47. Kg5 Qd2+ 48. Kh5 Qe2 49. Qf5+ c5 50. Kg6 Qe8+ 51. Kh7 Qe7+ 52. Kh6 Qd6+ 53. Kg7 Qe7+ 54. Kg6 Qe8+ 55. Kf6 Qh8+ 56. Kf7 Qxc3 57. g5 Qc4+ 58. Kf8 Qd4 59. g6 Qd8+ 60. Kf7 Qc7+ 61. Kf8 Qd8+ 62. Kf7 Qc7+ 63. Ke8 Kxa5 64. Qf6 b6 65. g7 Qc8+ 66. Kf7 Qd7+ 67. Kg6 Qg4+ 68. Kh7 Qh5+ 69. Qh6 Qf5+ 70. Kh8 Qe5 71. Qh4 b5 72. Qd8+ Ka4 73. Qd1+ Ka5 74. Kh7 Qf5+ 75. Kh6 Qf6+ 76. Kh7 Qf5+ 1/2-1/2

[Event "Charlotte CCCSA Spring GM-A"]
[Site "Charlotte"]
[Date "2022.03.18"]
[Round "4"]
[White "Mista, Aleksander"]
[Black "Mishra, Abhimanyu"]
[Result "0-1"]
[WhiteElo "2541"]
[BlackElo "2505"]
[PlyCount "77"]
[EventDate "2022.03.16"]
[EventType "tourn"]
[EventRounds "9"]
[EventCountry "USA"]
[EventCategory "8"]
[SourceTitle "CBM 207 Extra"]
[Source "ChessBase"]
[SourceDate "2022.05.31"]
[SourceVersion "1"]
[SourceVersionDate "2022.05.31"]
[SourceQuality "1"]

1. e4 c5 2. Nf3 d6 3. d4 cxd4 4. Nxd4 Nf6 5. Nc3 a6 6. Be3 e5 7. Nb3 Be7 8. f3 Be6 9. Qd2 h5 10. 0-0-0 Nbd7 11. Kb1 Rc8 12. h4 b5 13. Bg5 0-0 14. g4 hxg4 15. fxg4 Bxg4 16. Re1 b4 17. Nd5 Nxd5 18. exd5 f6 19. Rg1 Bf5 20. Bh6 Rxc2 21. Rxg7+ Kh8 22. Bd3 Rxd2 23. Bxf5 Rg2 24. Rxg2 Rg8 25. Reg1 Rxg2 26. Rxg2 Bf8 27. Be3 Qe8 28. Bg6 Qc8 29. Nd2 Qb7 30. Bf7 Nc5 31. Rg8+ Kh7 32. Rxf8 Kg7 33. Rd8 Qc7 34. Bxc5 Qxd8 35. Bxb4 Kxf7 36. Nc4 Qg8 37. Nxd6+ Kg6 38. h5+ Kxh5 39. Ne4 0-1

[Event "Seattle Summer"]
[Site "Redmond"]
[Date "2021.08.13"]
[Round "5"]
[White "Stearman, Josiah P"]
[Black "Mista, Aleksander"]
[Result "0-1"]
[WhiteElo "2418"]
[BlackElo "2560"]
[PlyCount "100"]
[EventDate "2021.08.11"]
[EventType "tourn"]
[EventRounds "9"]
[EventCountry "USA"]
[EventCategory "8"]
[SourceTitle "CBM 203 Extra"]
[Source "ChessBase"]
[SourceDate "2021.09.30"]
[SourceVersion "1"]
[SourceVersionDate "2021.09.30"]
[SourceQuality "1"]

1. c4 c5 2. Nc3 Nc6 3. Nf3 Nf6 4. g3 g6 5. Bg2 d6 6. d4 cxd4 7. Nxd4 Bd7 8. 0-0 Bg7 9. Nxc6 Bxc6 10. e4 0-0 11. Be3 Nd7 12. Bd4 a5 13. b3 Nc5 14. Bxg7 Kxg7 15. Qd4+ f6 16. f4 Qb6 17. Rab1 e5 18. Qe3 Nd7 19. Kf2 Kf7 20. Rfd1 Qxe3+ 21. Kxe3 Ke7 22. Rd2 Nc5 23. Rbd1 Rad8 24. f5 Rg8 25. Bf3 gxf5 26. exf5 Rg5 27. g4 h5 28. h4 Rg7 29. Bxc6 bxc6 30. g5 fxg5 31. f6+ Kxf6 32. Rxd6+ Rxd6 33. Rxd6+ Kf5 34. hxg5 Rg6 35. Rd8 Rxg5 36. Rf8+ Ke6 37. Ne2 Nd7 38. Rh8 Nf6 39. Rc8 Kd7 40. Rh8 Ke7 41. a3 Rg4 42. Ra8 h4 43. Rxa5 Rg5 44. Ra7+ Ke6 45. Ra8 h3 46. Rd8 h2 47. Rd1 Rf5 48. Rh1 Ng4+ 49. Kd2 Rf3 50. Nc1 Rg3 0-1

[Event "Charlotte CCCSA Winter GM"]
[Site "Charlotte"]
[Date "2021.01.16"]
[Round "4"]
[White "Mista, Aleksander"]
[Black "Gauri, Shankar"]
[Result "1-0"]
[WhiteElo "2567"]
[BlackElo "2360"]
[PlyCount "79"]
[EventDate "2021.01.14"]
[EventType "tourn"]
[EventRounds "9"]
[EventCountry "USA"]
[EventCategory "8"]
[SourceTitle "CBM 200 Extra"]
[Source "ChessBase"]
[SourceDate "2021.03.31"]
[SourceVersion "1"]
[SourceVersionDate "2021.03.31"]
[SourceQuality "1"]

1. e4 e5 2. Nf3 Nc6 3. Bb5 Nf6 4. d3 Bc5 5. Nbd2 0-0 6. Nb3 Bb6 7. a4 Na5 8. Nxa5 Bxa5+ 9. c3 c6 10. Bc4 d5 11. exd5 cxd5 12. Ba2 Bc7 13. Bg5 Re8 14. 0-0 Bg4 15. h3 Bh5 16. g4 Bg6 17. Re1 Qd6 18. Bh4 e4 19. dxe4 Bxe4 20. Bg3 Qd7 21. Bxc7 Qxc7 22. Nd4 h5 23. Re3 hxg4 24. hxg4 Qf4 25. Rg3 Qh6 26. f3 Qh4 27. Rg2 Bg6 28. Qd2 Nh7 29. Qf2 Qd8 30. Rh2 Qd6 31. Kg2 Re5 32. Rah1 Rae8 33. Bb3 Qa6 34. Bd1 f6 35. f4 Be4+ 36. Bf3 R5e7 37. Rxh7 Bxh7 38. Bxd5+ Rf7 39. Rxh7 Kxh7 40. Bxf7 1-0

[Event "Charlotte CCCSA Fall GM"]
[Site "Charlotte"]
[Date "2020.10.05"]
[Round "9"]
[White "Liang, Jason"]
[Black "Mista, Aleksander"]
[Result "0-1"]
[WhiteElo "2367"]
[BlackElo "2574"]
[PlyCount "84"]
[EventDate "2020.09.30"]
[EventType "tourn"]
[EventRounds "9"]
[EventCountry "USA"]
[EventCategory "8"]
[SourceTitle "CBM 198 Extra"]
[Source "ChessBase"]
[SourceDate "2020.11.30"]
[SourceVersion "1"]
[SourceVersionDate "2020.11.30"]
[SourceQuality "1"]

1. e4 e5 2. Nf3 Nc6 3. Bb5 a6 4. Ba4 Nf6 5. d3 d6 6. c4 Be7 7. Nc3 0-0 8. h3 Nd7 9. 0-0 Nc5 10. Bxc6 bxc6 11. d4 exd4 12. Nxd4 Bd7 13. Be3 Bf6 14. Qc2 a5 15. Rad1 Qb8 16. Nde2 Qb4 17. b3 Rfe8 18. Rb1 g6 19. Rfd1 Bg7 20. Bd4 f5 21. Bxg7 Kxg7 22. Qb2 Kg8 23. exf5 Bxf5 24. Ra1 a4 25. Nd4 axb3 26. axb3 Rxa1 27. Qxa1 Nxb3 28. Qb2 Qxc4 29. Nxb3 Rb8 30. g4 Rxb3 31. Qa2 Rxc3 32. Qa8+ Kg7 33. gxf5 Rxh3 34. f6+ Kh6 35. Qf8+ Kg5 36. Qc8 Qh4 37. Rd2 Rh1+ 38. Kg2 Re1 39. f4+ Qxf4 40. Rf2 Qe4+ 41. Rf3 Re2+ 42. Kg1 Qxf3 0-1

[Event "Charlotte CCCSA Fall GM"]
[Site "Charlotte"]
[Date "2020.10.04"]
[Round "8"]
[White "Mista, Aleksander"]
[Black "Daggupati, Balaji"]
[Result "1/2-1/2"]
[WhiteElo "2574"]
[BlackElo "2331"]
[PlyCount "87"]
[EventDate "2020.09.30"]
[EventType "tourn"]
[EventRounds "9"]
[EventCountry "USA"]
[EventCategory "8"]
[SourceTitle "CBM 198 Extra"]
[Source "ChessBase"]
[SourceDate "2020.11.30"]
[SourceVersion "1"]
[SourceVersionDate "2020.11.30"]
[SourceQuality "1"]

1. e4 c5 2. Nf3 Nc6 3. d4 cxd4 4. Nxd4 Nf6 5. Nc3 e5 6. Ndb5 d6 7. Bg5 a6 8. Na3 b5 9. Bxf6 gxf6 10. Nd5 Bg7 11. Bd3 Ne7 12. Nxe7 Qxe7 13. 0-0 0-0 14. c4 f5 15. Qf3 d5 16. cxd5 fxe4 17. Bxe4 Rb8 18. Rfd1 Qd7 19. d6 Rb6 20. Rac1 Rxd6 21. Rxd6 Qxd6 22. h4 f5 23. Bd5+ Kh8 24. Rc6 Qb4 25. Nc2 Qxh4 26. Qc3 Bb7 27. Rd6 e4 28. Qc5 Rc8 29. Qb6 Bxd5 30. Rxd5 h6 31. g3 Qg5 32. Rc5 Rf8 33. Qe6 Qc1+ 34. Kg2 f4 35. Rc8 Qxb2 36. gxf4 Rxc8 37. Qxc8+ Kh7 38. Qf5+ Kg8 39. Qe6+ Kh8 40. Qe8+ Kh7 41. Qxe4+ Kh8 42. Qe8+ Kh7 43. Qe4+ Kh8 44. Qe8+ 1/2-1/2

[Event "Charlotte CCCSA Fall GM"]
[Site "Charlotte"]
[Date "2020.09.30"]
[Round "1"]
[White "Mista, Aleksander"]
[Black "Stremavicius, Titas"]
[Result "1-0"]
[WhiteElo "2574"]
[BlackElo "2517"]
[PlyCount "65"]
[EventDate "2020.09.30"]
[EventType "tourn"]
[EventRounds "9"]
[EventCountry "USA"]
[EventCategory "8"]
[SourceTitle "CBM 198 Extra"]
[Source "ChessBase"]
[SourceDate "2020.11.30"]
[SourceVersion "1"]
[SourceVersionDate "2020.11.30"]
[SourceQuality "1"]

1. e4 c5 2. Nf3 Nc6 3. d4 cxd4 4. Nxd4 Nf6 5. Nc3 e6 6. Be2 d6 7. Be3 a6 8. f4 Bd7 9. 0-0 Qc7 10. Kh1 Be7 11. Qe1 0-0 12. Qg3 b5 13. a3 Kh8 14. Rae1 b4 15. axb4 Nxb4 16. e5 Nfd5 17. Nxd5 Nxd5 18. Bg1 Rab8 19. Bxa6 dxe5 20. fxe5 Rxb2 21. Bd3 Ra2 22. Qh3 g6 23. c4 Nb4 24. Bb1 Ra5 25. Qh6 Qd8 26. Nf3 Kg8 27. Rd1 Qc8 28. Be3 f5 29. exf6 Bxf6 30. Bxg6 hxg6 31. Qxg6+ Kh8 32. Ng5 Bxg5 33. Bxg5 1-0

[Event "World op 48th"]
[Site "ICC INT"]
[Date "2020.08.09"]
[Round "9"]
[White "Sjugirov, Sanan"]
[Black "Mista, Aleksander"]
[Result "1-0"]
[WhiteElo "2675"]
[BlackElo "2574"]
[PlyCount "49"]
[EventDate "2020.08.07"]
[EventType "swiss"]
[EventRounds "9"]
[EventCountry "USA"]
[SourceTitle "CBM 197 Extra"]
[Source "ChessBase"]
[SourceDate "2020.09.30"]
[SourceVersion "1"]
[SourceVersionDate "2020.09.30"]
[SourceQuality "1"]

1. e4 c5 2. Nf3 e6 3. d3 Nc6 4. g3 d5 5. Qe2 Nge7 6. Bg2 g6 7. h4 h6 8. 0-0 Bg7 9. c3 b6 10. a4 Ba6 11. e5 Qc7 12. Re1 g5 13. hxg5 hxg5 14. Bxg5 Ng6 15. Na3 Ncxe5 16. Nb5 Qd7 17. Nxe5 Bxe5 18. Qf3 f6 19. Rxe5 fxe5 20. Qf6 Rg8 21. Nc7+ Qxc7 22. Qxe6+ Kf8 23. Bxd5 Kg7 24. Bf6+ Kh7 25. Qh3+ 1-0

[Event "World op 48th"]
[Site "ICC INT"]
[Date "2020.08.09"]
[Round "7"]
[White "Sumets, Andrey"]
[Black "Mista, Aleksander"]
[Result "0-1"]
[WhiteElo "2546"]
[BlackElo "2574"]
[PlyCount "70"]
[EventDate "2020.08.07"]
[EventType "swiss"]
[EventRounds "9"]
[EventCountry "USA"]
[SourceTitle "CBM 197 Extra"]
[Source "ChessBase"]
[SourceDate "2020.09.30"]
[SourceVersion "1"]
[SourceVersionDate "2020.09.30"]
[SourceQuality "1"]

1. d4 Nf6 2. c4 g6 3. Nc3 d5 4. Nf3 Bg7 5. e3 0-0 6. Be2 e6 7. 0-0 a6 8. b4 Re8 9. Bb2 b6 10. a4 Bb7 11. cxd5 Nxd5 12. Nxd5 Qxd5 13. Qc2 Nd7 14. Rfd1 Rac8 15. b5 a5 16. Rac1 Nf6 17. Ba3 Ne4 18. Bc4 Qh5 19. Bd3 Ng5 20. Nxg5 Qxg5 21. Be4 Bd5 22. Bxd5 exd5 23. Rd3 f5 24. g3 h5 25. Qc6 f4 26. exf4 Qf5 27. Qc2 Re4 28. Bd6 Bxd4 29. Qd1 Bb2 30. Rxc7 Rce8 31. Kg2 Re2 32. Rf3 Qe4 33. Be5 Bxe5 34. fxe5 Rf8 35. Qd3 Rxf2+ 0-1

[Event "World op 48th"]
[Site "ICC INT"]
[Date "2020.08.08"]
[Round "6"]
[White "Mista, Aleksander"]
[Black "Chasin, Nico Werner"]
[Result "1/2-1/2"]
[WhiteElo "2574"]
[BlackElo "2303"]
[PlyCount "66"]
[EventDate "2020.08.07"]
[EventType "swiss"]
[EventRounds "9"]
[EventCountry "USA"]
[SourceTitle "CBM 197 Extra"]
[Source "ChessBase"]
[SourceDate "2020.09.30"]
[SourceVersion "1"]
[SourceVersionDate "2020.09.30"]
[SourceQuality "1"]

1. e4 c5 2. Nf3 e6 3. d4 cxd4 4. Nxd4 Nc6 5. Nc3 Qc7 6. Be3 a6 7. Be2 Nf6 8. 0-0 d6 9. f4 Bd7 10. Kh1 b5 11. a3 Nxd4 12. Qxd4 Bc6 13. a4 bxa4 14. Nxa4 Bxe4 15. Nb6 Rb8 16. Rxa6 Qc6 17. Na4 Bxg2+ 18. Kg1 Qe4 19. Qa7 Nd7 20. Nc3 Qg6 21. f5 exf5 22. Rf2 Bb7+ 23. Kf1 Bxa6 24. Bxa6 Be7 25. Bb5 0-0 26. Qxd7 Bh4 27. Rg2 Qe6 28. Qxe6 fxe6 29. Bd7 Kf7 30. Re2 Rb7 31. Bxe6+ Kxe6 32. Bg5+ Kf7 33. Bxh4 Rxb2 1/2-1/2

[Event "World op 48th"]
[Site "ICC INT"]
[Date "2020.08.07"]
[Round "3"]
[White "Lu, Maximillian"]
[Black "Mista, Aleksander"]
[Result "1-0"]
[WhiteElo "2386"]
[BlackElo "2574"]
[PlyCount "81"]
[EventDate "2020.08.07"]
[EventType "swiss"]
[EventRounds "9"]
[EventCountry "USA"]
[SourceTitle "CBM 197 Extra"]
[Source "ChessBase"]
[SourceDate "2020.09.30"]
[SourceVersion "1"]
[SourceVersionDate "2020.09.30"]
[SourceQuality "1"]

1. d4 Nf6 2. c4 g6 3. g3 c6 4. Bg2 d5 5. Nf3 Bg7 6. cxd5 cxd5 7. Nc3 0-0 8. 0-0 Nc6 9. Ne5 Bf5 10. Nxc6 bxc6 11. Bf4 Ne4 12. Na4 Nd6 13. Rc1 Bd7 14. b3 h6 15. Nc5 Nf5 16. Be5 f6 17. Bf4 g5 18. Bd2 Nd6 19. Ba5 Qe8 20. e4 dxe4 21. Nxe4 Nxe4 22. Bxe4 f5 23. Bg2 Rc8 24. Re1 Qf7 25. Bb4 Rfe8 26. d5 cxd5 27. Rxc8 Bxc8 28. Bxd5 e6 29. Bc6 g4 30. Bxe8 Qxe8 31. Qd6 Kh7 32. Rc1 Kg6 33. Rc7 Bf6 34. Rxa7 Qb5 35. Ra8 Bb7 36. Rg8+ Kh7 37. Rb8 Bg7 38. Qe7 Qd3 39. Qxb7 f4 40. gxf4 h5 41. Bf8 1-0

[Event "Titled Tuesday intern op 28th Apr"]
[Site "Chess.com INT"]
[Date "2020.04.28"]
[Round "1"]
[White "Mista, Aleksander"]
[Black "De Borba, Guilherme"]
[Result "0-1"]
[WhiteElo "2574"]
[BlackElo "2279"]
[PlyCount "86"]
[EventDate "2020.04.28"]
[EventType "swiss (blitz)"]
[EventRounds "10"]
[EventCountry "USA"]
[SourceTitle "EXT 2021"]
[Source "ChessBase"]
[SourceDate "2020.10.23"]
[SourceVersion "1"]
[SourceVersionDate "2020.10.23"]
[SourceQuality "1"]

1. e4 c6 2. d4 d5 3. Nc3 dxe4 4. Nxe4 Nf6 5. Nxf6+ exf6 6. c3 Bd6 7. Bd3 0-0 8. Qc2 Re8+ 9. Ne2 h5 10. 0-0 Nd7 11. Bf4 Nf8 12. Bxd6 Qxd6 13. Rad1 a5 14. c4 Be6 15. Nc3 Rad8 16. d5 Bg4 17. f3 Bd7 18. Ne4 Qb8 19. d6 f5 20. Ng5 Qxd6 21. c5 Qf6 22. f4 Ne6 23. Bxf5 Nd4 24. Bh7+ Kf8 25. Qc4 Bg4 26. Bb1 Kg8 27. Ne4 Rxe4 28. Bxe4 Bxd1 29. Rxd1 Qxf4 30. Rf1 Qxe4 31. Qxf7+ Kh8 32. Qxh5+ Qh7 33. Qg5 Re8 34. h3 Qh6 35. Qg4 Qe3+ 36. Kh1 Ne2 37. Rf7 Ng3+ 38. Kh2 Qe5 39. Qh4+ Kg8 40. Rf4 Ne2 41. g3 Nxf4 42. gxf4 Qe2+ 43. Kg3 Re3# 0-1

[Event "POL-chT Ekstraliga"]
[Site "Katowice"]
[Date "2019.09.04"]
[Round "8.1"]
[White "Mista, Aleksander"]
[Black "Duda, Jan Krzysztof"]
[Result "0-1"]
[WhiteElo "2599"]
[BlackElo "2730"]
[PlyCount "102"]
[EventDate "2019.08.28"]
[EventType "team-tourn"]
[EventRounds "9"]
[EventCountry "POL"]
[SourceTitle "EXT 2020"]
[Source "ChessBase"]
[SourceDate "2019.10.17"]
[SourceVersion "1"]
[SourceVersionDate "2019.10.17"]
[SourceQuality "1"]
[WhiteTeam "Pegow Wieza"]
[BlackTeam "Katowice Wasko"]
[WhiteTeamCountry "POL"]
[BlackTeamCountry "POL"]

1. e4 c5 2. Nf3 e6 3. d4 cxd4 4. Nxd4 Nc6 5. Nc3 Qc7 6. Be3 a6 7. Be2 Nf6 8. 0-0 Bb4 9. Nxc6 bxc6 10. f4 0-0 11. e5 Nd5 12. Nxd5 cxd5 13. Bd4 a5 14. Rf3 Ba6 15. Rh3 Bc5 16. Bxa6 Rxa6 17. Qd3 Bxd4+ 18. Kh1 g6 19. Qxa6 Qxc2 20. Rb3 Bxb2 21. Rf1 Bc3 22. Qd6 Bb4 23. Qxd7 Qxa2 24. Rbf3 Qc4 25. g4 Qe4 26. Qc7 a4 27. Kg2 a3 28. R1f2 d4 29. Qc4 Ra8 30. h3 Qb1 31. Qc6 Rb8 32. Qa6 d3 33. f5 d2 34. Rxd2 Bxd2 35. fxe6 Bg5 36. exf7+ Kg7 37. f8Q+ Rxf8 38. Qa7+ Kg8 39. Rxf8+ Kxf8 40. Qxa3+ Kg7 41. Qa7+ Kh6 42. Qd4 Qc2+ 43. Kg3 Qb3+ 44. Kg2 Qe3 45. Qxe3 Bxe3 46. h4 Bd4 47. e6 Kg7 48. Kf3 Kf6 49. Ke4 Bf2 50. Kd5 Bxh4 51. Kd6 Be1 0-1